000 00346pam a2200157a 44500
008 230515b2004 xxu||||| |||| 00| 0 eng d
020 _aNULL
041 _aENGLISH
082 _a123
100 _aBHARATI A &CHITANYA
245 _aNATURAL LANGUGE PROCESSING
250 _a2004
260 _aNULL
_bNA
_c2004
300 _a95
650 _aNULL
999 _c635528
_d635528